00373nam a2200145Ia 4500008004100000020001800041082001700059100001700076245003300093250000700126260004100133300001400174500002500188650001400213230524s9999 xx 000 0 und d a9788180141966 a629.222bSIN aKirpal Singh 0aAutomobile Engineering Vol-1 a13 aNew DelhibStandard Publishersc2013 a"1;739p," aQuantity Number: 25 aMechanics